000 00347cam a22001217a 4500
008 180718b1963 xxu||||| |||| 00| 0 eng d
082 _aB1 K955s c.2
100 _aKuhn, Alfred
245 _aStudy of society: a multidisciplinary approach
_cby Alfred Kuhn
260 _aLondon
_bTavistock
_c1963
300 _axviii, 810p
650 _aSocial sciences.
999 _c416313
_d416313